000 00285nam a22001217a 4500
008 171220b xxu||||| |||| 00| 0 eng d
041 _aeng
080 _a611.085
100 _a9
101 _aHIS
245 _aHISTOLOGICAL TUPING OF TESTIS TUMOURS
_cMOSTOFI,F,K
942 _2udc
_cBK
999 _c39246
_d39246